| 000 | 01427cam a22003857a 4500 | ||
|---|---|---|---|
| 003 | CHAP | ||
| 005 | 20220817043708.0 | ||
| 008 | 000817d2000 mx r 00110 esp d | ||
| 010 | _a81999 | ||
| 011 | _a82971 | ||
| 035 | _a93479 | ||
| 040 | _cCHAP | ||
| 100 | 0 | 0 |
_aScott, Christopher A. _eed. _9103371 |
| 245 | 1 | 0 |
_aAsignación, productividad y manejo de recursos hídricos en cuencas _c/ed. por Christopher A. Scott, Philippus Wester y Boris Marañón-Pimentel |
| 260 |
_aMéxico, D. F. : _bInstituto Internacional del Manejo del Agua, _c2000. |
||
| 300 | _a234 p. | ||
| 410 | _aInstituto Internacional del Manejo del Agua | ||
| 490 | 0 |
_aSerie latinoamericana _v; 20 |
|
| 590 |
_aBATCH-UPD _b10 _c20130110 _lUCH01 _h0537 |
||
| 590 |
_aBATCH-UPD _b10 _c20130110 _lUCH01 _h2335 |
||
| 590 |
_aBATCH-UPD _b10 _c20130410 _lUCH01 _h0218 |
||
| 590 |
_aBATCH-UPD _b10 _c20130914 _lUCH01 _h1112 |
||
| 590 |
_aCONVERSION _b10 _c20130109 _lUCH01 _h1346 |
||
| 650 | 1 | 4 |
_aCuencas. _930085 |
| 650 | 1 | 4 |
_aCuencas _xPolítica y programas. _930087 |
| 650 | 1 | 4 | _aRecursos hidraulicos. |
| 700 | 0 |
_aMarañon Pimentel, Boris _eed. _971234 |
|
| 700 | 0 |
_aWester, Philippus _eed. _9121543 |
|
| 810 | 0 | 0 |
_aInstituto Internacional del Manejo del Agua _959236 |
| 830 | 0 | 0 |
_aSerie latinoamericana _v; 20 _9104944 |
| 901 | _aBK | ||
| 905 | _aLilia Sánchez G. | ||
| 942 | _cLIBRO | ||
| 949 |
_a631.7 S2 _bBC _cLIBRO _d33724000687869 _eLIBRO _h98498 _i93479 _si |
||
| 999 |
_c81999 _d81999 |
||